Quick Pick: 'Big' Songs Quiz Stats

 Plays Quiz Updated Jan 21, 2017

Support Sporcle.
Go Orange.
Score 0/14 Timer 01:30
0 Plays Today
% Correct
Girls
93.6%
Taxi
88.2%
Mountain
66.3%
John
62.1%
Bopper
60.5%
World
59.9%
Surprise
58.7%
% Correct
Brother
55.3%
Shot
53.5%
Country
51.7%
Town
49.4%
Stuff
44.1%
Love
40.6%
Time
39%

Today's Daily Dose

You're not logged in!

Compare scores with friends on all Sporcle quizzes.
OR
Log In
Forgot?

From the Vault

'G' Blitz

by Flick

We just want to be 'G'.
Remove Ads.
Support Sporcle.
Get the best of Sporcle when you Go Orange. This ad-free experience offers more features, more stats, and more fun while also helping to support Sporcle. Thank you for becoming a member.

Show Comments

Extras

Top Quizzes Today


Score Distribution

Your Account Isn't Verified!

In order to create a playlist on Sporcle, you need to verify the email address you used during registration. Go to your Sporcle Settings to finish the process.

Report this User

Report this user for behavior that violates our Community Guidelines.

Details: